| 000 | 00440nam a2200181Ia 4500 | ||
|---|---|---|---|
| 008 | 230125s9999 xx 000 0 und d | ||
| 041 | _aeng | ||
| 082 |
_a305.4 _bEST |
||
| 100 |
_aEstes C P _9113999 |
||
| 245 | _aWomen who run with the wolves | ||
| 260 |
_c1998 _bRider publication _aLondon |
||
| 300 | _a537p | ||
| 500 | _aWomen | ||
| 650 | _aWomen Study | ||
| 700 |
_aEstes C P _9113999 |
||
| 906 | _b105 | ||
| 999 |
_c91277 _d91277 |
||